书目信息 |
| 题名: |
培根人生随笔
|
|
| 作者: | 培根 著 | |
| 分册: | ||
| 出版信息: | 北京 人民日报出版社 1996.05 |
|
| 页数: | 238页 | |
| 开本: | 32开 | |
| 丛书名: | ||
| 单 册: | ||
| 中图分类: | I561.86 | |
| 科图分类: | ||
| 主题词: | 文学 | |
| 电子资源: | ||
| ISBN: | 7-80002-839-9 | |
| 000 | 00538nam0 2200193 45 | |
| 001 | 0008171052 | |
| 005 | 20000817103057.7 | |
| 010 | @a7-80002-839-9@d12.50元 | |
| 100 | @a20000817d1996 km y0chiy0120 ea | |
| 101 | 0 | @achi |
| 105 | @a z 000yy | |
| 200 | 1 | @a培根人生随笔@APei Gen Ren Sheng Sui Bi@f(英)培根 著@F(Ying)Pei Gen Zhu |
| 210 | @a北京@c人民日报出版社@d1996.05 | |
| 215 | @a238页@d32开 | |
| 606 | 0 | @a文学 |
| 690 | @aI561.86@v3 | |
| 701 | 0 | @a培根@4著 |
| 801 | @aCN@bPftUser@c20000817 | |
| 905 | @b108695-699@dI561.86@eP.223@f5 | |
| 培根人生随笔/(英)培根 著.-北京:人民日报出版社,1996.05 |
| 238页;32开 |
| ISBN 7-80002-839-9:12.50元 |
| ● |
| 相关链接 |
|
|
|
正题名:培根人生随笔
索取号:I561.86/P.223
 
预约/预借
| 序号 | 登录号 | 条形码 | 馆藏地/架位号 | 状态 | 备注 |
| 1 | 108695 | 201086957 | 社科二线422/422社科库 30排2列5层/ [索取号:I561.86/P.223] | 在馆 | |
| 2 | 108696 | 201086966 | 法学院资料室/ [索取号:I561.86/P.223] | 在馆 | |
| 3 | 108697 | 201086975 | 社科二线422/422社科库 30排2列4层/ [索取号:I561.86/P.223] | 在馆 | |
| 4 | 108698 | 201086984 | 文学库116/116文学库 22排4列2层/ [索取号:I561.86/P.223] | 在馆 | |
| 5 | 108699 | 201086993 | 文学库116/ [索取号:I561.86/P.223] | 在馆 |